Everton Current Squad - Statistics

General Stats
  • This quiz has been taken 7,355 times
    1,377 since last reset
  • The average score is 17 of 25
Answers on the Map
Answers color-coded by a green-red scale on the quiz's map according to % correct below.
 
Answer Stats
# Position Player Nation % Correct
1 GK Jordan Pickford
99%
18 MF Jack Grealish
93%
6 DF James Tarkowski
92%
9 FW Beto
91%
10 FW Iliman Ndiaye
90%
16 DF Vitaliy Mykolenko
90%
5 DF Michael Keane
89%
Manager David Moyes
85%
27 MF Idrissa Gueye
83%
22 FW Kiernan Dewsbury-Hall
83%
23 DF Séamus Coleman
81%
7 FW Dwight McNeil
80%
32 DF Jarrad Branthwaite
73%
37 MF James Garner
71%
11 FW Thierno Barry
71%
15 DF Jake O'Brien
67%
24 MF Carlos Alcaraz
65%
2 DF Nathan Patterson
61%
20 FW Tyler Dibling
55%
12 GK Mark Travers
48%
34 MF Merlin Röhl
41%
42 MF Tim Iroegbunam
41%
39 DF Adam Aznou
40%
31 GK Tom King
30%
38 GK Harry Tyrer
18%
No matching quizzes found
Score Distribution
Percent of People with Each Score
Percentile by Number Answered
Your Score History
You have not taken this quiz since the last reset